| 000 | 02254nam a2200289Ia 4500 | ||
|---|---|---|---|
| 005 | 20200228153233.0 | ||
| 008 | 130821s1845 fr fr spa | ||
| 040 |
_aCo-BoUCM _bspa _cSandra Yazo (modificó) _dSandra Yazo |
||
| 041 | 0 | _aspa | |
| 082 | 0 | 4 |
_a282 _220 |
| 092 | _aE11N013 | ||
| 100 | 1 |
_aRoselly de Lorgues, Antoine-François-Félix _cConde _d1805-1898. _999967 |
|
| 245 | 1 | 0 |
_aCristo ante el siglo, _bó nuevos testimonios de las ciencias en favor del catolicismo _cpor M. Roselly de Lorgues ... |
| 250 | _aTercera edición | ||
| 260 |
_aParís (Francia) _bImprenta de Panckoucke _c1845 |
||
| 300 |
_axi, 350, [1] páginas _c18 x 11 cm. |
||
| 500 | _aDetalles físicos: Encuadernación rígida en cartón forrado en cuero. Lomo con adornos en dorado. Tapas con repujados, recuadros en dorado. Cuero con deterioro en esquinas y bordes. Guardas en papel de agua. Anteportada. Portada impresa en una sola tinta, recortada en la parte inferior. Advertencia del editor, prologo. Texto impreso en una sola columna, con varios tipos de letra. Notas al pie de página, márgenes amplios. Cortes decorados. Papel manchado por humedad y oxidación de tinta | ||
| 505 | 0 | _aOrígenes de la incredulidad francesa ; Síntomas de una próxima regeneración ; Pruebas científicas de la verdad cristiana ; Astronomía y cronología. ; Los libros santos ; Los profetas ; Testimonio de los sabios ; Pruebas históricas de la verdad cristiana ; El hombre y su caída ; El diluvio ; La idolatría ; Universalidad de la tradición ; El siglo de Augusto: Jesús Nazareno ; Racionalidad del Cristianismo ; Cristo ante el Siglo | |
| 506 | _aConsulta en sala | ||
| 600 | 1 |
_aJesucristo _xCrítica e interpretación, etc. _989930 |
|
| 600 | 1 |
_aJesucristo _xInterpretaciones espirituales _91989 |
|
| 650 | 7 |
_aCristianismo _xCrítica e interpretación, etc. _zFrancia _ySiglo XIX _912174 |
|
| 650 | 7 |
_aApologética _99245 |
|
| 690 |
_aTeología _925230 |
||
| 856 | 4 | 1 |
_zDisponible en línea edición de 1847 _uhttp://books.google.com/books?id=YS5nkZUnRYEC&printsec=frontcover&dq=Cristo+ante+el+siglo+%C3%B3+nuevos&hl=es&ei=fHUgTqTiKoPg0QGB543DAw&sa=X&oi=book_result&ct=result&resnum=1&ved=0CC0Q6AEwAA#v=onepage&q&f=fal |
| 942 |
_cLIBRO _a4 _e3 _2LOCAL _hE11N013 |
||
| 999 |
_c73778 _d73778 |
||